000 01532nam0a2200325 4500
001 RU\NLR\BIBL_A\022710079
005 20260407163238.0
010 _a978-5-903630-91-2
_9500
021 _aRU
_bКН-П-25-076049
_9КН-П-25-7369
035 _a(NLR Aleph) 022710079
090 _a13653425
_c13653425
100 _a20260128d2025 k y0rusy50 ca
101 0 _arus
102 _aRU
105 _aa z 000yy
181 0 _ai3
_baxxe
182 0 _an
200 1 _aМетодология проектирования метастратегии развития профессиональной творческой активности педагогов в условиях информационного многообразия
_eмонография
_fК. Р. Хачатурова
203 _aТекст
_bвизуальный
_cнепосредственный
210 _aУльяновск
_cЗебра
_d2025
215 _a167 с.
_cил., табл.
_d21
300 _aНа обороте тит. л. авт.: Хачатурова К. Р.,
320 _aБиблиогр.: с. 123-167 (320 назв.)канд. пед. наук, учитель физики и математики
606 1 _aПедагоги
_xПрофессиональное развитие
_2nlr_sh2
_2nlr_sh1
_3RU\NLR\AUTH\661596821
686 1 _aЧ314.21
700 1 _aХачатурова
_bК. Р.
_gКарине Робертовна
942 _cBOOK
980 _aNB